| LEADER |
01327nam0a2200229 450 |
| 001 |
16857400 |
| 010 |
|
|
|a 978-2-302-08968-6
|b rel.
|d 10,95
|
| 100 |
|
|
|a 20220609d2020 u u0frey01 ba
|
| 101 |
0 |
|
|a fre
|
| 102 |
|
|
|a FR
|
| 200 |
0 |
|
|a université volante (L')
|f scénario, Audrey Alwett
|g dessin, Nora Moretti - couleurs, Annelise Sauvêtre et Manon Duverdon
|
| 207 |
|
1 |
|a
|
| 210 |
|
|
|a Toulon
|c Soleil
|d 2020
|
| 215 |
|
|
|a 1 vol. (46 p.)
|c ill. en coul.
|d 30 cm
|
| 225 |
1 |
|
|a Princesse Sara
|v 13
|
| 330 |
|
|
|a Sara est ruinée, mais ne veut plus entendre parler d'ingénierie. La voici embarquée comme bibliothécaire à bord de l'Université Volante, en compagnie de sa rivale de toujours : Lavinia. La célèbre Université va chercher des financements à Deauville, là où les grandes fortunes d'Europe se réunissent. Sauf que l'Université est en réalité un haut lieu d'espionnage pour la couronne britannique... Lavinia, elle, joue avec les émotions de Sara, mais à ce petit jeu, elles pourraient bien être deux à se laisser prendre...
|
| 461 |
|
0 |
|t Princesse Sara
|v 13
|
| 700 |
|
0 |
|a Alwett
|b Audrey
|f 1982-....
|4 70
|
| 702 |
|
0 |
|a Moretti
|b Nora
|f 1980-....
|4 440
|
| 900 |
|
|
|a Bande Dessinée (enfants)
|
| 901 |
|
|
|a Jeunesse
|
| 995 |
|
|
|a Médiathèque
|c Médiathèque
|f 089018815
|h 089018815
|k BD PRI 13
|o p
|q j
|r az
|e Médiathèque
|